Entrada Encabezamiento temático
Número de registros utilizados en: 22
001 - NÚMERO DE CONTROL
- campo de control: 3687
003 - IDENTIFICADOR DEL NÚMERO DE CONTROL
- campo de control: vecauma
005 - FECHA Y HORA DE LA ÚLTIMA TRANSACCIÓN
- campo de control: 20251013183656.0
008 - DATOS DE LONGITUD FIJA
- campo de control de longitud fija: 221104|| aca||aabn | a|a d
040 ## - FUENTE DE LA CATALOGACIÓN
- Centro catalogador/agencia de origen: vecauma
053 ## - Número de clasificación LC
- Número de clasificación–único número o número inicial: HC79.I55
- Categoría temática: Historia y condiciones económicas
053 ## - Número de clasificación LC
- Número de clasificación–único número o número inicial: HD30.2
- Categoría temática: Administración
053 ## - Número de clasificación LC
- Número de clasificación–único número o número inicial: T58.5
- Número de clasificación–último número: T58.64
- Categoría temática: Tecnología
150 ## - Materia
- Encabezamiento temático: TECNOLOGIA DE LA INFORMACION
450 ## - REFERENCIA DE “VEASE” MATERIA
- Encabezamiento temático: Information technology
450 ## - REFERENCIA DE “VEASE” MATERIA
- Encabezamiento temático: Información --
- Subdivisión temática general: Innovaciones tecnológicas
550 ## - REFERENCIA DE "VEASE ADEMAS" MATERIA
- Encabezamiento temático: TECNOLOGIA
- Subcampo de control : g
550 ## - REFERENCIA DE "VEASE ADEMAS" MATERIA
- Encabezamiento temático: TECNOLOGIAS DE LA INFORMACION Y DE LA COMUNICACION
- Subcampo de control : h
550 ## - REFERENCIA DE "VEASE ADEMAS" MATERIA
- Encabezamiento temático: GESTION DEL CONOCIMIENTO
550 ## - REFERENCIA DE "VEASE ADEMAS" MATERIA
- Encabezamiento temático: INFORMATICA
550 ## - REFERENCIA DE "VEASE ADEMAS" MATERIA
- Encabezamiento temático: REDES INFORMATICAS
550 ## - REFERENCIA DE "VEASE ADEMAS" MATERIA
- Encabezamiento temático: TELECOMUNICACIONES
670 ## - FUENTE EN LA QUE SE LOCALIZARON DATOS
- Cita de la fuente: Catálogo de Autoridades de la Biblioteca Nacional de España, 2022
- Información localizada: (Tecnología de la información)
670 ## - FUENTE EN LA QUE SE LOCALIZARON DATOS
- Cita de la fuente: Catálogo de Autoridades de la Biblioteca del Congreso, 2022
- Información localizada: (Information technology)
680 ## - NOTA GENERAL CON DESPLIEGUE AL PUBLICO
- Texto explicativo: Bajo este encabezamiento se ingresan las obras sobre la aplicación de los computadores a la adquisición, organización, almacenamiento, recuperación y difusión de la información.
